| 000 | 01106cam a22003257a 4500 | ||
|---|---|---|---|
| 999 |
_c328882 _d328882 |
||
| 001 | 11894295 | ||
| 003 | Nust | ||
| 005 | 20170418154437.0 | ||
| 008 | 000120s1999 enka 001 0 eng d | ||
| 010 | _a 00270163 | ||
| 015 | _aGB99-Z2110 | ||
| 020 | _a0727727117 | ||
| 035 | _a(OCoLC)ocm40754928 | ||
| 040 |
_aUKM _cUKM _dTXA _dDLC |
||
| 042 | _alccopycat | ||
| 050 | 0 | 0 |
_aTD345 _b.R45 1999 |
| 082 | 0 | 0 |
_a363.7284 REN _221 |
| 100 | 1 | _aRendell, Frank. | |
| 245 | 1 | 0 |
_aWater and wastewater project development / _cFrank Rendell. |
| 260 |
_aLondon : _bThomas Telford, _c1999. |
||
| 300 |
_axvii, 326 p. : _bill. ; _c25 cm. |
||
| 500 | _aH.B | ||
| 504 | _aIncludes bibliographical references and index. | ||
| 650 | 0 | _aWater-supply. | |
| 650 | 0 | _aSewage disposal. | |
| 650 | 0 | _aProject management. | |
| 650 | 0 |
_aWater-supply _vCase studies. |
|
| 650 | 0 |
_aSewage disposal _vCase studies. |
|
| 906 |
_a7 _bcbc _ccopycat _d3 _encip _f20 _gy-gencatlg |
||
| 942 |
_2ddc _cBK _k363.7284 REN |
||